000 00269nam a2200121 i 4500
001 bg
245 0 _aLaboratorium maszyn elektrycznych.
_nCz.1.
260 _aKielce,
_c1991.
040 _cBPK
041 _apol
942 _cKS
008 s pl f |000 0 pol
999 _c4456
_d4456
856 _uhttp://koha.tu.koszalin.pl/cgi-bin/koha/opac-detail.pl?biblionumber=4456
_yKatalog online BPK